000 00426nam a2200133Ia 4500
999 _c27099
_d27099
041 _aEnglish
082 _aRR.0296
100 _aRastogi, Kavita
_uUniversity of Lucknow
245 0 _aTalking trilingual dictionary of Raji :
_ban endangered language /
_cKavita Rastogi
260 _aNew Delhi :
_bIndian Council of Social Science Research,
300 _a27p.
650 _aSociology
_xDictionaries
_xPolyglot
942 _2ddc
_cBK